[Event "2nd Kalyan Dombivali 2019"]
[Site "Kalyan"]
[Date "2019.01.31"]
[Round "4"]
[White "Bamboat Hrrehan"]
[Black "Vedant Nitin vekhande"]
[Result "0-1"]
[WhiteElo "1231"]
[BlackElo "1564"]
[Annotator "NA RC"]
[PlyCount "114"]
[EventDate "2019.01.28"]
[EventType "swiss"]
[EventRounds "10"]
[EventCountry "IND"]
[SourceTitle "playchess.com"]
[Source "ChessBase"]
[SourceQuality "1"]
[TimeControl "5400+30"]

1. e4 {[%emt 0:01:29]} c5 {[%emt 0:00:00]} 2. Nf3 {[%emt 0:00:28]} d6 {[%emt 0:00:00]} 3. d4 {[%emt 0:01:10]} cxd4 {[%emt 0:00:00]} 4. Qxd4 {[%emt 0:01:41]} Bd7 {[%emt 0:00:21]} 5. Nc3 {[%emt 0:06:51]} Nc6 {[%emt 0:00:07]} 6. Qe3 {[%emt 0:00:29]} Nf6 {[%emt 0:00:17]} 7. Bc4 {[%emt 0:01:03]} g6 {[%emt 0:01:10]} 8. O-O {[%emt 0:09:24]} Bg7 {[%emt 0:01:18]} 9. Qe2 {[%emt 0:01:34]} O-O {[%emt 0:00:38]} 10. h3 {[%emt 0:02:29]} Rc8 {[%emt 0:01:53]} 11. Bg5 {[%emt 0:03:38]} h6 {[%emt 0:01:13]} 12. Bxf6 {[%emt 0:04:04]} Bxf6 {[%emt 0:00:16]} 13. Nd5 {[%emt 0:00:12]} Bg7 {[%emt 0:00:29]} 14. c3 {[%emt 0:04:34]} a6 {[%emt 0:04:16]} 15. Rad1 {[%emt 0:02:39]} Kh7 {[%emt 0:03:48]} 16. Qe3 {[%emt 0:07:13]} b5 {[%emt 0:02:31]} 17. Bd3 {[%emt 0:01:20]} Na5 {[%emt 0:03:14]} 18. e5 {[%emt 0:07:51]} e6 {[%emt 0:01:17]} 19. Nb6 {[%emt 0:02:32]} Rc6 {[%emt 0:01:14]} 20. Nxd7 {[%emt 0:01:44]} Qxd7 {[%emt 0:00:45]} 21. Nd4 {[%emt 0:00:33]} Rc5 {[%emt 0:01:51]} 22. exd6 {[%emt 0:00:25]} Rd5 {[%emt 0:01:34]} 23. Bxg6+ {[%emt 0:04:59]} fxg6 {[%emt 0:04:58]} 24. Nxe6 {[%emt 0:00:15]} Rff5 {[%emt 0:01:16]} 25. Nxg7 {[%emt 0:02:02]} Kxg7 {[%emt 0:00:07]} 26. Qe7+ {[%emt 0:00:18]} Qxe7 {[%emt 0:00:11]} 27. dxe7 {[%emt 0:00:04]} Kf7 {[%emt 0:00:16]} 28. Rfe1 {[%emt 0:00:34]} Rde5 {[%emt 0:00:54]} 29. Rxe5 {[%emt 0:00:21]} Rxe5 {[%emt 0:00:15]} 30. Rd6 {[%emt 0:00:12]} Nc4 {[%emt 0:00:13]} 31. Rxa6 {[%emt 0:00:18]} Nxb2 {[%emt 0:00:14]} 32. Kf1 {[%emt 0:01:08]} Nd3 {[%emt 0:00:13]} 33. g3 {[%emt 0:00:18]} Rxe7 {[%emt 0:00:32]} 34. Rd6 {[%emt 0:00:24]} Re1+ {[%emt 0:01:21]} 35. Kg2 {[%emt 0:00:16]} Nc1 {[%emt 0:00:08]} 36. Rb6 {[%emt 0:00:35]} Nxa2 {[%emt 0:00:22]} 37. Rxb5 {[%emt 0:00:42]} Nxc3 {[%emt 0:00:10]} 38. Rb7+ {[%emt 0:00:06]} Kf6 {[%emt 0:00:36]} 39. Rb6+ {[%emt 0:00:00]} Re6 {[%emt 0:00:09]} 40. Rxe6+ {[%emt 0:00:11]} Kxe6 {[%emt 0:00:05]} 41. Kf3 {[%emt 0:00:10]} Kf5 {[%emt 0:00:36]} 42. g4+ {[%emt 0:00:10]} Ke5 {[%emt 0:00:22]} 43. Ke3 {[%emt 0:00:54]} Nd5+ {[%emt 0:00:21]} 44. Kf3 {[%emt 0:00:06]} g5 {[%emt 0:00:10]} 45. Kg3 {[%emt 0:00:07]} Ke4 {[%emt 0:00:14]} 46. f3+ {[%emt 0:00:26]} Ke3 {[%emt 0:00:04]} 47. h4 {[%emt 0:00:09]} Nf4 {[%emt 0:00:12]} 48. hxg5 {[%emt 0:00:38]} hxg5 {[%emt 0:01:26]} 49. Kh2 {[%emt 0:00:14]} Kxf3 {[%emt 0:00:06]} 50. Kh1 {[%emt 0:00:33]} Kxg4 {[%emt 0:00:09]} 51. Kh2 {[%emt 0:00:07]} Kf3 {[%emt 0:00:04]} 52. Kh1 {[%emt 0:00:11]} g4 {[%emt 0:00:05]} 53. Kg1 {[%emt 0:00:09]} g3 {[%emt 0:00:10]} 54. Kh1 {[%emt 0:00:29]} g2+ {[%emt 0:00:08]} 55. Kh2 {[%emt 0:00:06]} Nh3 {[%emt 0:00:23]} 56. Kxh3 {[%emt 0:00:23]} g1=Q {[%emt 0:00:07]} 57. Kh4 {[%emt 0:00:05]} Qg4# {[%emt 0:00:11]} 0-1

[Event "2nd Kalyan Dombivali 2019"]
[Site "Kalyan"]
[Date "2019.01.31"]
[Round "4"]
[White "Manthan Vijayrao Kale"]
[Black "Kshatriya Nitin Vekhande"]
[Result "1/2-1/2"]
[WhiteElo "1228"]
[BlackElo "1544"]
[Annotator "NA RC"]
[PlyCount "216"]
[EventDate "2019.01.28"]
[EventType "swiss"]
[EventRounds "10"]
[EventCountry "IND"]
[SourceTitle "playchess.com"]
[Source "ChessBase"]
[SourceQuality "1"]
[TimeControl "5400+30"]

1. e4 {[%emt 0:00:00]} c5 {[%emt 0:00:00]} 2. Nf3 {[%emt 0:00:00]} d6 {[%emt 0:00:00]} 3. d4 {[%emt 0:00:19]} cxd4 {[%emt 0:00:00]} 4. Nxd4 {[%emt 0:00:12]} Nf6 {[%emt 0:00:11]} 5. Nc3 {[%emt 0:00:22]} g6 {[%emt 0:00:11]} 6. Be3 {[%emt 0:00:54]} Bg7 {[%emt 0:00:08]} 7. f3 {[%emt 0:00:14]} O-O {[%emt 0:00:31]} 8. Qd2 {[%emt 0:00:12]} Nc6 {[%emt 0:00:18]} 9. Bc4 {[%emt 0:00:56]} Bd7 {[%emt 0:00:10]} 10. Nxc6 {[%emt 0:00:13]} bxc6 {[%emt 0:00:26]} 11. h4 {[%emt 0:00:35]} h5 {[%emt 0:03:17]} 12. Bh6 {[%emt 0:02:28]} Kh7 {[%emt 0:00:58]} 13. Bxg7 {[%emt 0:01:46]} Kxg7 {[%emt 0:00:06]} 14. O-O-O {[%emt 0:02:09]} Rh8 {[%emt 0:00:52]} 15. Rhe1 {[%emt 0:04:45]} Qc7 {[%emt 0:05:05]} 16. f4 {[%emt 0:03:21]} Bg4 {[%emt 0:04:10]} 17. Be2 {[%emt 0:00:52]} Be6 {[%emt 0:05:46]} 18. f5 {[%emt 0:02:14]} Bd7 {[%emt 0:02:59]} 19. fxg6 {[%emt 0:00:59]} fxg6 {[%emt 0:00:30]} 20. Qg5 {[%emt 0:00:51]} Bg4 {[%emt 0:03:36]} 21. Bxg4 {[%emt 0:01:36]} Nxg4 {[%emt 0:00:31]} 22. e5 {[%emt 0:03:31]} Nxe5 {[%emt 0:00:50]} 23. Ne2 {[%emt 0:01:09]} Raf8 {[%emt 0:03:08]} 24. Nd4 {[%emt 0:01:15]} Rf6 {[%emt 0:00:52]} 25. Qxf6+ {[%emt 0:02:21]} Kxf6 {[%emt 0:00:14]} 26. Rf1+ {[%emt 0:00:05]} Nf3 {[%emt 0:00:14]} 27. Rxf3+ {[%emt 0:00:05]} Ke5 {[%emt 0:00:06]} 28. Re3+ {[%emt 0:00:11]} Kf4 {[%emt 0:01:07]} 29. Ne6+ {[%emt 0:00:12]} Kxe3 {[%emt 0:00:05]} 30. Nxc7 {[%emt 0:00:06]} Kf2 {[%emt 0:00:07]} 31. Rd2+ {[%emt 0:00:29]} Kg3 {[%emt 0:00:07]} 32. Ne6 {[%emt 0:00:42]} Kxh4 {[%emt 0:00:12]} 33. Nf4 {[%emt 0:00:35]} Rg8 {[%emt 0:00:30]} 34. Re2 {[%emt 0:01:30]} e5 {[%emt 0:00:33]} 35. Nd3 {[%emt 0:00:29]} Kg3 {[%emt 0:00:40]} 36. b4 {[%emt 0:00:35]} Re8 {[%emt 0:01:00]} 37. c4 {[%emt 0:00:24]} e4 {[%emt 0:00:14]} 38. Ne1 {[%emt 0:00:13]} d5 {[%emt 0:01:24]} 39. cxd5 {[%emt 0:00:10]} cxd5 {[%emt 0:00:06]} 40. a4 {[%emt 0:00:15]} d4 {[%emt 0:00:34]} 41. Kd2 {[%emt 0:00:47]} h4 {[%emt 0:01:10]} 42. b5 {[%emt 0:00:34]} g5 {[%emt 0:00:15]} 43. a5 {[%emt 0:00:19]} g4 {[%emt 0:00:22]} 44. Nd3 {[%emt 0:11:50]} h3 {[%emt 0:01:33]} 45. gxh3 {[%emt 0:00:23]} gxh3 {[%emt 0:00:11]} 46. Re1 {[%emt 0:07:30]} h2 {[%emt 0:00:38]} 47. Nb4 {[%emt 0:01:10]} d3 {[%emt 0:02:13]} 48. Nc6 {[%emt 0:00:34]} Kg2 {[%emt 0:00:09]} 49. Nxa7 {[%emt 0:01:00]} h1=Q {[%emt 0:02:28]} 50. Rxh1 {[%emt 0:00:07]} Kxh1 {[%emt 0:00:37]} 51. Ke3 {[%emt 0:00:29]} Kg2 {[%emt 0:00:06]} 52. Nc6 {[%emt 0:00:50]} Kf1 {[%emt 0:02:28]} 53. Nd4 {[%emt 0:02:11]} Ke1 {[%emt 0:05:37]} 54. Nb3 {[%emt 0:00:13]} Re5 {[%emt 0:01:45]} 55. b6 {[%emt 0:02:28]} Rb5 {[%emt 0:00:55]} 56. Nd2 {[%emt 0:00:21]} Rxa5 {[%emt 0:05:36]} 57. Nxe4 {[%emt 0:00:22]} Rb5 {[%emt 0:02:36]} 58. Kxd3 {[%emt 0:00:31]} Rxb6 {[%emt 0:00:03]} 59. Ke3 {[%emt 0:00:26]} Rb3+ {[%emt 0:00:11]} 60. Kf4 {[%emt 0:00:08]} Ke2 {[%emt 0:00:07]} 61. Ng3+ {[%emt 0:00:10]} Kd3 {[%emt 0:00:06]} 62. Kf3 {[%emt 0:00:16]} Kd4+ {[%emt 0:01:51]} 63. Kf4 {[%emt 0:00:10]} Rb2 {[%emt 0:00:08]} 64. Nf5+ {[%emt 0:00:15]} Kd5 {[%emt 0:00:07]} 65. Ne3+ {[%emt 0:00:14]} Ke6 {[%emt 0:00:04]} 66. Ke4 {[%emt 0:00:23]} Rb4+ {[%emt 0:00:05]} 67. Kd3 {[%emt 0:00:06]} Ke5 {[%emt 0:00:05]} 68. Nc4+ {[%emt 0:00:15]} Kd5 {[%emt 0:00:05]} 69. Ne3+ {[%emt 0:00:06]} Kc5 {[%emt 0:00:06]} 70. Kc3 {[%emt 0:00:43]} Ra4 {[%emt 0:00:18]} 71. Nc2 {[%emt 0:00:10]} Re4 {[%emt 0:00:12]} 72. Kd3 {[%emt 0:00:14]} Rh4 {[%emt 0:00:06]} 73. Ne3 {[%emt 0:00:15]} Rd4+ {[%emt 0:00:10]} 74. Kc3 {[%emt 0:00:11]} Re4 {[%emt 0:00:05]} 75. Nc2 {[%emt 0:00:06]} Kd5 {[%emt 0:00:51]} 76. Kd3 {[%emt 0:00:26]} Ke5 {[%emt 0:00:12]} 77. Ne3 {[%emt 0:00:33]} Rd4+ {[%emt 0:00:16]} 78. Kc3 {[%emt 0:00:15]} Ke4 {[%emt 0:00:05]} 79. Nc4 {[%emt 0:00:17]} Rd3+ {[%emt 0:00:11]} 80. Kb4 {[%emt 0:00:21]} Kd4 {[%emt 0:00:15]} 81. Na5 {[%emt 0:00:20]} Rh3 {[%emt 0:00:27]} 82. Nb3+ {[%emt 0:00:16]} Kd5 {[%emt 0:00:14]} 83. Ka4 {[%emt 0:02:11]} Kc4 {[%emt 0:00:43]} 84. Na5+ {[%emt 0:00:08]} Kc5 {[%emt 0:00:45]} 85. Nb3+ {[%emt 0:00:13]} Kc4 {[%emt 0:00:39]} 86. Na5+ {[%emt 0:00:08]} Kc3 {[%emt 0:00:06]} 87. Kb5 {[%emt 0:00:10]} Rh5+ {[%emt 0:00:12]} 88. Kb6 {[%emt 0:00:11]} Kd4 {[%emt 0:00:24]} 89. Nc6+ {[%emt 0:00:35]} Kc4 {[%emt 0:00:37]} 90. Na5+ {[%emt 0:00:07]} Kd5 {[%emt 0:00:13]} 91. Kb5 {[%emt 0:00:11]} Rh1 {[%emt 0:01:07]} 92. Ka4 {[%emt 0:00:30]} Rb1 {[%emt 0:00:21]} 93. Nb3 {[%emt 0:00:28]} Rh1 {[%emt 0:00:29]} 94. Kb4 {[%emt 0:01:01]} Rh3 {[%emt 0:00:40]} 95. Na5 {[%emt 0:00:39]} Rh4+ {[%emt 0:00:25]} 96. Kb5 {[%emt 0:00:13]} Rh8 {[%emt 0:00:14]} 97. Ka4 {[%emt 0:00:09]} Rb8 {[%emt 0:00:36]} 98. Nb3 {[%emt 0:00:12]} Kc4 {[%emt 0:00:13]} 99. Na5+ {[%emt 0:00:08]} Kc3 {[%emt 0:00:08]} 100. Ka3 {[%emt 0:01:16]} Rb6 {[%emt 0:01:55]} 101. Ka4 {[%emt 0:00:28]} Rb4+ {[%emt 0:00:08]} 102. Ka3 {[%emt 0:00:06]} Rb6 {[%emt 0:02:24]} 103. Ka4 {[%emt 0:00:17]} Rb1 {[%emt 0:02:28]} 104. Nc6 {[%emt 0:00:32]} Kc4 {[%emt 0:00:35]} 105. Na5+ {[%emt 0:00:08]} Kd4 {[%emt 0:00:25]} 106. Nb3+ {[%emt 0:00:12]} Kd3 {[%emt 0:00:21]} 107. Na5 {[%emt 0:00:59]} Kc3 {[%emt 0:00:55]} 108. Nc6 {[%emt 0:00:14]} Rb7 {[%emt 0:00:23]} 1/2-1/2

[Event "2nd Kalyan Dombivali 2019"]
[Site "Kalyan"]
[Date "2019.01.31"]
[Round "5"]
[White "Kulkarni, Vikramaditya"]
[Black "Satkar, Chirag"]
[Result "1-0"]
[WhiteElo "2345"]
[BlackElo "2071"]
[Annotator "TA"]
[PlyCount "83"]
[EventDate "2019.01.28"]
[EventType "swiss"]
[EventRounds "10"]
[EventCountry "IND"]
[SourceTitle "playchess.com"]
[Source "ChessBase"]
[SourceQuality "1"]

{[%evp 18,83,18,14,7,11,18,-19,0,-67,-12,-93,-90,-75,-70,-63,-76,-51,-48,-74,-64,-73,-71,-62,-36,-39,0,0,0,0,0,0,0,-120,76,85,78,82,71,24,222,207,216,214,215,171,171,177,178,0,97,0,169,161,303,303,672,666,650,629,1041,886,982,949,29975,29976,29972,29973]} 1. c4 $146 ({Predecessor:} 1. d4 Nf6 2. c4 g6 3. Nc3 Bg7 4. e4 {½-½ (78) Bryakin,M (2349)-Iljiushenok,I (2512) Moscow 2018}) 1... Nf6 2. Nc3 g6 3. e4 d6 4. d4 Bg7 5. Nf3 ({Predecessor:} 5. h3 O-O {½-½ (78) Bryakin,M (2349)-Iljiushenok,I (2512) Moscow 2018}) 5... O-O 6. h3 e5 7. dxe5 dxe5 8. Qxd8 Rxd8 9. Bg5 Re8 10. O-O-O Na6 {E90: King's Indian: Classical: Early deviations and 6 h3} 11. Bd3 c6 12. Na4 ({Predecessor:} 12. a3 Nc5 13. Bc2 a5 14. Be3 Bf8 15. Rd2 Nfd7 16. b3 f6 17. Rhd1 Nb6 18. g4 {½-½ (78) Bryakin,M (2349)-Iljiushenok,I (2512) Moscow 2018}) 12... Be6 {The position is equal.} 13. Bd2 (13. a3 $11) 13... Nd7 ({Black should play} 13... Red8 $15 14. Bg5 Nb4) 14. b4 (14. Be3 $11) 14... c5 $17 15. b5 Nb4 16. Be2 Nxa2+ 17. Kb2 a6 $1 {[%cal Ra6b5] Hoping for ...axb5.} 18. b6 {aiming for Ng5.} Nb4 19. Bxb4 cxb4 20. Ng5 Nf8 21. c5 $1 Bd7 22. Rxd7 $1 Nxd7 23. Bc4 $1 Re7 {White must now prevent ...Rc8.} 24. Rd1 $1 Nf6 {[#] Threatens to win with ...Bf8.} 25. Rd6 (25. c6 $1 $11 {[%mdl 512] was the only way to keep the balance.} bxc6 26. Rd6) 25... h6 $2 (25... Rc8 $1 $17 26. Kb3 h6 27. Nxf7 Rxf7) 26. Nxf7 $1 $16 Rxf7 27. c6 $1 {[%cal Rc6c7] [#]} bxc6 $1 28. Rxc6 {b7 is the strong threat.} Kf8 $2 ({Wrong is} 28... Nxe4 $2 29. b7 $18) (28... Ne8 $1 $11) 29. Bxf7 $18 Kxf7 30. Rc7+ Ke6 31. Nc5+ {[%mdl 1024] White has strong compensation.} Kd6 32. Nb7+ Ke6 33. Nc5+ (33. Rxg7 $18 {And now Nc5+ would win.} Rb8 34. f3) 33... Kd6 $16 {[#]} 34. Nb7+ (34. b7 $1 $16 {[%cal Rb7a8]} Rb8 35. Nxa6 {[%mdl 64] Double Attack}) 34... Ke6 $18 35. Rxg7 {Strongly threatening Nc5+.} Nxe4 {[%mdl 4096] Endgame [#] KRN-KRN} (35... Rb8 $142) 36. f3 $1 {[%cal Rf3e4]} ({Less strong is} 36. Rxg6+ Kd5 $16) 36... Nc3 $2 (36... Kd5 37. fxe4+ Kc6 38. Na5+ Kxb6) 37. Nc5+ Kd5 38. b7 Rf8 39. Nxa6 Na4+ 40. Kb3 {[%mdl 64] Double Attack} Nc5+ 41. Nxc5 Kxc5 42. Rc7+ {Accuracy: White = 68%, Black = 41%.} 1-0

[Event "2nd Kalyan Dombivali 2019"]
[Site "Kalyan"]
[Date "2019.01.31"]
[Round "5"]
[White "Saurabh Anand"]
[Black "Vijay, Anand M."]
[Result "1-0"]
[WhiteElo "2210"]
[BlackElo "1841"]
[Annotator "NA"]
[PlyCount "69"]
[EventDate "2019.01.28"]
[EventType "swiss"]
[EventRounds "10"]
[EventCountry "IND"]
[SourceTitle "playchess.com"]
[Source "ChessBase"]
[SourceQuality "1"]
[TimeControl "5400+30"]

1. e4 {[%emt 0:00:00]} Nc6 {[%emt 0:05:07]} 2. Nf3 {[%emt 0:00:02]} g6 {[%emt 0:01:09] B00: Queen's Fianchetto Defence, Nimzowitsch Defence} (2... d6 3. d4 Nf6 4. Nc3 g6 5. d5 Nb8 6. h3 Bg7 7. Bc4 O-O 8. O-O a6 9. a4 e5 10. dxe6 Bxe6 11. Bxe6 fxe6 12. e5 dxe5 13. Nxe5 Qxd1 14. Nxd1 {½-½ (31) Aronian,L (2765)-Zubov,A (2597) St Petersburg 2018}) 3. Nc3 {[%emt 0:01:26]} Bg7 {[%emt 0:00:16]} 4. d4 {[%emt 0:00:07]} e5 {[%emt 0:00:11]} 5. Bg5 {[%emt 0:01:33]} f6 {[%emt 0:01:07]} 6. Be3 {[%emt 0:00:09]} d6 {[%emt 0:00:05]} 7. h3 {[%emt 0:02:50]} Bh6 $146 {[%emt 0:03:45]} ({Predecessor:} 7... Nge7 8. Bc4 a6 9. a4 Bd7 10. a5 Qc8 11. O-O exd4 12. Nxd4 Nxd4 13. Qxd4 Be6 {½-½ (42) Saric,A (2437)-Jovanovic,Z (2446) Zagreb 2004}) 8. Bxh6 {[%emt 0:03:01]} Nxh6 {[%emt 0:00:22]} 9. dxe5 {[%emt 0:00:09]} fxe5 {[%emt 0:01:20]} 10. Bc4 {[%emt 0:00:11]} Nf7 {[%emt 0:02:57]} 11. Qd2 {[%emt 0:00:59]} h6 {[%emt 0:08:42]} 12. O-O-O {[%emt 0:02:08]} Kf8 {[%emt 0:00:46]} 13. Qd5 {[%emt 0:06:49]} Rh7 {[%emt 0:03:14]} 14. Kb1 {[%emt 0:02:19]} Qe7 {[%emt 0:09:52]} 15. g3 {[%emt 0:11:22]} Ncd8 {[%emt 0:01:39]} 16. Nh4 {[%emt 0:01:15]} Qf6 {[%emt 0:01:18]} (16... Rg7 $16) 17. Qd3 {[%emt 0:07:22]} c6 {[%emt 0:08:06]} 18. Rdf1 {[%emt 0:01:40]} g5 {[%emt 0:02:00]} 19. Ng2 {[%emt 0:00:47]} Be6 {[%emt 0:00:28]} 20. f4 {[%emt 0:00:54]} Bxc4 {[%emt 0:00:11]} 21. Qxc4 {[%emt 0:00:15]} Qe6 {[%emt 0:00:06]} 22. Qe2 {[%emt 0:00:49]} Ke7 {[%emt 0:03:52]} 23. h4 {[%emt 0:01:53]} gxf4 {[%emt 0:03:12]} 24. gxf4 {[%emt 0:00:10]} Kd7 {[%emt 0:06:26]} 25. f5 $18 {[%emt 0:00:56]} Qf6 {[%emt 0:00:49]} 26. Ne3 {[%emt 0:00:08]} b6 {[%emt 0:07:55]} 27. Rfg1 {[%emt 0:01:49]} Nb7 {[%emt 0:03:04]} 28. Ncd5 {[%emt 0:11:26]} Qh8 {[%emt 0:00:52]} 29. Rg6 {[%emt 0:00:14]} Rg7 {[%emt 0:02:04]} 30. Qg4 {[%emt 0:02:19]} h5 {[%emt 0:00:58]} 31. f6+ {[%emt 0:00:31]} hxg4 {[%emt 0:00:27]} 32. fxg7 {[%emt 0:00:05]} Qh6 {[%emt 0:02:28]} 33. Nf6+ {[%emt 0:02:50]} Kc7 {[%emt 0:00:42]} 34. Rxh6 {[%emt 0:00:58]} Nxh6 {[%emt 0:00:07]} 35. Nf5 {[%emt 0:00:03]} 1-0

[Event "2nd Kalyan Dombivali 2019"]
[Site "Kalyan"]
[Date "2019.01.31"]
[Round "5"]
[White "Kumar, Gaurav"]
[Black "Pingale Shivraj"]
[Result "0-1"]
[WhiteElo "2128"]
[BlackElo "1580"]
[Annotator "NA"]
[PlyCount "88"]
[EventDate "2019.01.28"]
[EventType "swiss"]
[EventRounds "10"]
[EventCountry "IND"]
[SourceTitle "playchess.com"]
[Source "ChessBase"]
[SourceQuality "1"]
[TimeControl "5400+30"]

1. e4 {[%emt 0:00:00]} e6 {[%emt 0:00:00]} 2. d4 {[%emt 0:00:00]} d5 {[%emt 0:00:00]} 3. Nc3 {[%emt 0:00:00]} Bb4 {[%emt 0:00:01]} 4. e5 {[%emt 0:00:00]} c5 {[%emt 0:00:05]} 5. a3 {[%emt 0:00:03]} Bxc3+ {[%emt 0:00:10]} 6. bxc3 {[%emt 0:00:06]} Qa5 {[%emt 0:00:07]} 7. Bd2 {[%emt 0:01:03]} Qa4 {[%emt 0:00:43]} 8. Qg4 {[%emt 0:04:17]} g6 {[%emt 0:03:44]} 9. Qf4 {[%emt 0:06:59]} Qxc2 {[%emt 0:10:25]} 10. Nf3 {[%emt 0:01:01]} Qe4+ {[%emt 0:02:12]} 11. Qxe4 {[%emt 0:00:43]} dxe4 {[%emt 0:00:07]} 12. Ng5 {[%emt 0:00:13]} f5 {[%emt 0:04:52]} 13. Bc4 {[%emt 0:36:06]} Nc6 {[%emt 0:11:43]} 14. Nxe6 {[%emt 0:03:15]} Bxe6 $11 {[%emt 0:01:26]} 15. Bxe6 {[%emt 0:00:15]} cxd4 {[%emt 0:02:25]} 16. Rb1 {[%emt 0:00:27]} Rb8 {[%emt 0:08:00]} 17. cxd4 {[%emt 0:00:33]} Nxd4 {[%emt 0:03:32]} 18. Ba2 {[%emt 0:00:42]} Ne7 {[%emt 0:02:38]} 19. Bc3 {[%emt 0:04:03]} Nec6 {[%emt 0:00:45]} 20. Rb2 {[%emt 0:06:46]} Ke7 {[%emt 0:03:12]} 21. O-O {[%emt 0:00:52]} Rhd8 {[%emt 0:01:37]} 22. Rfb1 {[%emt 0:02:51]} b6 {[%emt 0:01:13]} 23. Bd2 {[%emt 0:05:45]} Ne6 {[%emt 0:02:38]} 24. f3 {[%emt 0:12:12]} exf3 {[%emt 0:01:43]} 25. gxf3 {[%emt 0:00:07]} Nxe5 {[%emt 0:00:36]} 26. Bb4+ {[%emt 0:01:06]} Kf6 {[%emt 0:12:33]} 27. Bxe6 {[%emt 0:00:27]} Nxf3+ {[%emt 0:07:35]} 28. Kf2 {[%emt 0:03:20]} Nxh2 {[%emt 0:01:00]} 29. Re2 {[%emt 0:01:08]} Ng4+ {[%emt 0:00:44]} 30. Kg2 {[%emt 0:00:27]} Rd3 {[%emt 0:02:19]} 31. Rbe1 {[%emt 0:05:20]} Re8 {[%emt 0:01:42]} 32. Ba2 {[%emt 0:03:23]} Rxe2+ {[%emt 0:01:17]} 33. Rxe2 {[%emt 0:00:02]} f4 {[%emt 0:01:15]} 34. Re6+ {[%emt 0:02:29]} Kg5 {[%emt 0:00:53]} 35. Bb1 {[%emt 0:00:52]} Rg3+ {[%emt 0:03:06]} 36. Kf1 {[%emt 0:00:34]} f3 {[%emt 0:00:42]} 37. Bd2+ {[%emt 0:00:24]} Kh5 {[%emt 0:01:18]} 38. Bf4 {[%emt 0:00:28]} Nh2+ {[%emt 0:00:49]} 39. Ke1 {[%emt 0:00:27]} Rg1+ {[%emt 0:00:12]} 40. Kf2 {[%emt 0:00:36]} Rg2+ {[%emt 0:00:11]} 41. Ke3 {[%emt 0:00:08]} Re2+ {[%emt 0:00:07]} 42. Kd4 {[%emt 0:00:05]} Rxe6 {[%emt 0:00:45]} 43. Bxh2 {[%emt 0:00:02]} Re2 {[%emt 0:00:31]} 44. Bg3 {[%emt 0:00:29]} Kg4 {[%emt 0:00:06]} 0-1

[Event "2nd Kalyan Dombivali 2019"]
[Site "Kalyan"]
[Date "2019.01.31"]
[Round "5"]
[White "Saranya, J."]
[Black "Joshi, Nikhil C."]
[Result "1-0"]
[WhiteElo "2094"]
[BlackElo "2088"]
[Annotator "NA"]
[PlyCount "79"]
[EventDate "2019.01.28"]
[EventType "swiss"]
[EventRounds "10"]
[EventCountry "IND"]
[SourceTitle "playchess.com"]
[Source "ChessBase"]
[SourceQuality "1"]
[TimeControl "5400+30"]

1. e4 {[%emt 0:06:06]} c6 {[%emt 0:00:00]} 2. Nc3 {[%emt 0:01:10]} d5 {[%emt 0:00:00]} 3. Nf3 {[%emt 0:00:04]} dxe4 {[%emt 0:00:00]} 4. Nxe4 {[%emt 0:00:04]} Bg4 {[%emt 0:00:13]} 5. Bc4 {[%emt 0:04:17]} e6 {[%emt 0:00:25]} 6. h3 {[%emt 0:01:13]} Bxf3 {[%emt 0:00:22]} 7. Qxf3 {[%emt 0:00:02]} Nd7 {[%emt 0:04:34]} 8. Qe2 {[%emt 0:04:55] B11: Caro-Kann: Two Knights Variation} (8. Qg3 Ndf6 9. d3 Nxe4 10. dxe4 Qd4 11. Bd3 Bd6 12. Qe3 Bc5 13. Qxd4 Bxd4 14. c3 Bb6 15. Ke2 e5 16. Bc4 Nf6 17. Kf3 a5 18. a4 Rd8 19. Bg5 h6 20. Bxf6 gxf6 {½-½ (20) Pulpan,J (2337)-Meduna,E (2392) Ostrava 2016}) 8... Be7 {[%emt 0:03:03]} 9. O-O {[%emt 0:01:03]} Ngf6 {[%emt 0:00:18]} 10. Rd1 $146 {[%emt 0:03:58]} ({Predecessor:} 10. f4 Nxe4 11. Qxe4 Nf6 12. Qe2 Qd4+ 13. Kh2 Qe4 14. Qxe4 Nxe4 15. d3 Nd6 {½-½ (41) Maris,I (1998)-Lesman,F (2074) Hoogeveen 2011}) 10... Nxe4 {[%emt 0:02:43]} 11. Qxe4 {[%emt 0:00:12]} O-O {[%emt 0:00:06]} 12. d4 {[%emt 0:01:10]} Bf6 {[%emt 0:03:21]} 13. Bf4 {[%emt 0:06:35]} Nb6 {[%emt 0:02:12]} 14. Bb3 {[%emt 0:05:11]} g6 {[%emt 0:00:51]} 15. Be5 {[%emt 0:02:51]} Qe7 {[%emt 0:01:14]} 16. a4 {[%emt 0:02:32]} a5 {[%emt 0:01:08]} 17. c3 {[%emt 0:05:15]} Nd5 {[%emt 0:05:30]} 18. c4 {[%emt 0:03:30]} Nb4 {[%emt 0:01:08]} 19. Bf4 {[%emt 0:01:22]} Rfd8 {[%emt 0:01:06]} 20. Be3 {[%emt 0:02:17]} Rd7 {[%emt 0:02:30]} 21. Rd2 {[%emt 0:02:32]} Rad8 {[%emt 0:00:33]} 22. Rad1 {[%emt 0:00:16]} Bg7 {[%emt 0:02:30]} 23. f4 {[%emt 0:02:19]} Qf6 {[%emt 0:11:00]} 24. Qf3 {[%emt 0:02:46]} Qe7 $11 {[%emt 0:02:04]} 25. g4 {[%emt 0:02:34]} Kh8 {[%emt 0:16:36]} 26. Kh1 {[%emt 0:02:38]} Kg8 {[%emt 0:00:04]} 27. Bf2 {[%emt 0:04:10]} Kh8 {[%emt 0:01:49]} 28. Qe4 {[%emt 0:03:47]} Kg8 {[%emt 0:00:58]} 29. h4 {[%emt 0:04:26]} f5 {[%emt 0:02:49]} 30. gxf5 {[%emt 0:04:24]} exf5 {[%emt 0:01:07]} 31. Qxe7 {[%emt 0:00:28]} Rxe7 {[%emt 0:00:01]} 32. d5 {[%emt 0:01:08]} Red7 {[%emt 0:03:11]} 33. Bb6 {[%emt 0:03:20]} Re8 {[%emt 0:00:50]} 34. d6 {[%emt 0:04:33]} Bh6 {[%emt 0:06:34]} 35. c5+ {[%emt 0:01:19]} Nd5 {[%emt 0:00:56]} 36. Rxd5 {[%emt 0:07:35]} cxd5 {[%emt 0:00:05]} 37. Rxd5 {[%emt 0:00:14]} Kf8 {[%emt 0:01:48]} 38. Bc4 {[%emt 0:00:53]} Re4 {[%emt 0:02:33]} 39. Bb5 {[%emt 0:00:00]} Ke8 {[%emt 0:00:05]} 40. Re5+ 1-0